| 000 | 00461nam a2200157Ia 4500 | ||
|---|---|---|---|
| 008 | 230312s9999||||xx |||||||||||||| ||und|| | ||
| 020 | _a0-8151-3340-5 | ||
| 082 |
_a616.120 _bFRO-P |
||
| 100 | _aFrownfelter;Donna | ||
| 245 | 0 | _aPrinciples and Practice of Cardiopulmonary Physical Therapy | |
| 260 |
_bMosby _aUSA _c1996 |
||
| 300 | _a787 | ||
| 546 | _aEng. | ||
| 650 |
_aPhysiotherapy _vPrinciples and Practice of Cardiopulmonary Physical Therapy |
||
| 942 | _cBK | ||
| 999 |
_c8127 _d8127 |
||